01999nam a2200325 i 4500003000900000005001700009007000300026008004100029020001800070040003000088082002200118100004400140245007100184264005300255300004500308336002700353337003300380338002800413520063800441590002701079650002401106650002601130700004501156910001401201942001401215952013901229952014401368952014401512999001701656DO-SdBNP20250625113054.0ta250625b2024 dr a|||| |||| 00| p spa d a9789945948110 aDO-SdBNPbspacBNPHUerda aRD861.44bE482221 aElmúdesi, Leonoreautora4aut.98743613aEl cielo mira /cLeonor Elmúdesi : ilustraciones, Paula Bonnelly 1aSanto Domingo :bEditora Amigo del Hogar,c2024. a[102] páginas ;bilustracionesc21 cm. atextobtxt2rdacontent asin mediaciónbn2rdamedia avolumenbnc2rdacarrier aNo soy poeta, pero sí peregrina. Amante del camino y del silencio. Me detengo, absorta, ante los detalles que habitan el día, el crepúsculo y la noche. Me convoca el mar y el puerto tanto como la palma y el caracol. Magnánimo, el sendero despliega ante mí su pródiga belleza. Esos instantes de comunión con la naturaleza, siempre tan fugaces, intento plasmarlos en tres líneas para que no se diluyan dentro de mí. Aprendí el arte de escribir haikus sola, jugando con las palabras. Evocar en diecisiete sílabas una imagen, a modo de estampa, era un reto. Luego, acompañarlos de ingenio y de belleza otro mayor. aInventariado, 2025/ YL 7aPoesía Dominicana 7aLiteratura Dominicana aBonnelly, Paula eilustrador4il.988184 aYLockward 2ddccLBS1 00102ddc51708PDaBNPHUbBNPHUcCTd2025-03-20eDepósito Legall0oBNPHU PD RD861.44 E48p2025-3369r2025-04-11w2025-04-11yLBS1 00102ddc51708PDaBNPHUbBNPHUcCTd2025-03-20eDepósito Legall0oBNPHU PD RD861.44 E48p2025-3370r2025-04-11te.2w2025-04-11yLBS1 00102ddc56708DSaBNPHUbBNPHUcCTd2025-03-20eDepósito Legall0oBNPHU DS RD861.44 E48p2025-3371r2025-04-11te.3w2025-04-11yLBS1 c58723d58723